000 01077nam a2200289Ia 4500
003 OSt
005 20221005105527.0
006 a|||||r|||| 00| 0
007 ta
008 221004b |||||||| |||| 00| 0 hin d
020 _a9788126714162 (hbk)
_cINR 450.00
024 _a34853
037 _bBR3079, 15/09/2017, Rajkamal Prakashan Pvt. Ltd.
_cTextual
040 _aCRL
_cCRL
_bhin
041 _2hin
_ahin
082 _aO111,3M40,KS, 152P7
100 _aहार्डी, टॉमस, ले.
245 0 _aकोलाहल से दूर
246 _aKolāhal se dūra
260 _aनई दिल्ली
_bराजकमल प्रकाशन भारत
_c2007
300 _a383पृ0
_ccm.
490 _aविश्व क्लासिक
650 _a हिन्दी साहित्य
650 _aहिन्दी कहानी
942 _hO111,3M40,KS, 152P7
_cTEXL
_2cc
999 _c1016084
_d1016084